00729nam a2200169 i 450000100060000000300090000600500170001500700030003200800410003510000300007624502430010626000430034930000380039260000360043071000370046685200560050346370ES-MaACL20250928145323.0t|030328s1896 sp ||||1| spa d1 aConcas y Palau, Víctor.10aSesión extraordinaria celebrada en la Junta General el día 19 de mayo de 1896 en honor del secretario general que fue de la Sociedad, Martín Ferreiro y Peralta...: discurso a nombre de la Sociedad... / cVíctor Mª Concas y Palau. aMadrid : b[s.n.], c1896 (fFortanet) a7 p., [1] h. de lám. ; c25 cm.14aFerreiro, Martín, d1830-18962 aSociedad Geográfica de Madrid. aES-MaACLjT-814-F-11 z- Enc. en un vol. facticio